000 00996nam a2200265Ia 4500
003 OSt
005 20221005103515.0
006 a|||||r|||| 00| 0
007 ta
008 221004b |||||||| |||| 00| 0 hin d
020 _a9788131606629 (hbk)
_c525
024 _a22096
037 _b026/2014-15, 16/01/2015, Excel Book International
_cTextual
040 _aCRL
_cCRL
_bhin
041 _2hin
_ahin
082 _aY:1, 152Q4
100 _aसिंह, राखी
245 0 _aबहुसंस्कृतिवाद एवं सामाजिक न्याय
246 _aBahusanskṛutivād evan sāmājik nyāya
260 _aजयपुर
_bरावत पब्लिकेशन्स भारत
_c2014
300 _a198पृ0
_ccm.
650 _aभारतीय-लोक साहित्य
942 _hY:1, 152Q4
_cTEXL
_2cc
999 _c1010238
_d1010238